| 000 | 00844nam a2200205 a 4500 | ||
|---|---|---|---|
| 001 | 001165721 | ||
| 003 | AM-YeHGA | ||
| 005 | 20250617152524.0 | ||
| 008 | 160721s1976 ru r 000 0 rus d | ||
| 040 | _aAM-YeHGA | ||
| 041 | 0 | _arus | |
| 245 | 0 | 0 |
_aСборник аспирантских наук : _bТочные науки : Математика. Механика / _cКазанский гос. ун-т им. В.И. Ульянова-Ленина. |
| 260 |
_aКазань : _bИзд-во Казанского ун-та, _c1976. |
||
| 300 |
_a249 с. : _bил. |
||
| 504 | _aБиблиогр. в конце статей | ||
| 650 | 1 | 4 | _aМатематика |
| 650 | 1 | 4 | _aМеханика |
| 710 | 2 | _aКазанский государственный университет им. В.И. Ульянова-Ленина | |
| 090 | _c374253 | ||
| 999 |
_c372373 _d372373 |
||